• 首页
  • 本馆介绍
  • 公告通知
  • 最新文献
  • 馆藏检索
  • 电子资源
  • 读者导购
  • 参考咨询
  • 我的图书馆
  • 登录
  • 详细信息显示
  • 放入我的书架
  • 预约/预借图书
  • 作者相关作品
  • 分类相关作品
  • 丛书相关作品
  • 出版社相关作品

书目信息

  • 表格格式
  • 工作单格式
  • 卡片格式
题名:
无上荣耀
    
 
作者: 赖斯 著 ;刘勇军 译
分册:  
出版信息: 长沙   湖南人民出版社  2014.06
页数: 634页, [16] 页图版
开本: 24cm
丛书名:
单 册:
中图分类: K837.127=6 , K837.127
科图分类:
主题词: 女性--nu^ xing--政治家--自传--美国--现代
电子资源:
ISBN: 978-7-5438-9324-5
000 01012nam0 2200265 450
001 2365341435
005 20231125191212.29
010    @a978-7-5438-9324-5@dCNY68.00
100    @a20140609d2014 em y0chiy50 ea
101 1  @achi@ceng
102    @aCN@b430000
105    @aaf z 000ya
200 1  @a无上荣耀@Awu shang rong yao@f(美) 康多莉扎·赖斯著@d= No higher honor@fCondoleezza Rice@g刘勇军译@zeng
210    @a长沙@c湖南人民出版社@d2014.06
215    @a634页, [16] 页图版@c图@d24cm
330    @a《无上荣耀》一书是赖斯回顾担任美国国家安全顾问和国务卿的八年从政生涯的唯一亲笔回忆录。主要内容包括: 灾难前夕、“诚实的中间人”等。
500 10 @aNo higher honor@mChinese
600  1 @a赖斯@Alai si@g(Rice, Condoleezza),@f1954-@x自传
606 0  @a女性@Anu^ xing@x政治家@x自传@y美国@z现代
690    @aK837.127=6@v5
690    @aK837.127@v4
701  1 @a赖斯@Alai si@g(Rice, Condoleezza),@f1954-@4著
702  0 @a刘勇军@Aliu yong jun@4译
801  0 @aCN@b人天书店@c20140609
905    @aBZT@dK837.127@e114
    
    无上荣耀/(美) 康多莉扎·赖斯著= No higher honor/Condoleezza Rice/刘勇军译.-长沙:湖南人民出版社,2014.06
    634页, [16] 页图版:图;24cm
    
    
    ISBN 978-7-5438-9324-5:CNY68.00
    《无上荣耀》一书是赖斯回顾担任美国国家安全顾问和国务卿的八年从政生涯的唯一亲笔回忆录。主要内容包括: 灾难前夕、“诚实的中间人”等。
●
相关链接 在五车中查询图书 在当当中查询图书 在豆瓣中查询图书


正题名:无上荣耀     索取号:K837.127/114         预约/预借

序号 登录号 条形码 馆藏地/架位号 状态 备注
1 2001090066   2001090066   东辅楼二楼书库/ [索取号:K837.127/114] 在馆    
2 2001090067   2001090067   东辅楼二楼书库/ [索取号:K837.127/114] 在馆    
3 2001090068   2001090068   东辅楼二楼书库/ [索取号:K837.127/114] 在馆    
4 2001090069   2001090069   东辅楼二楼书库/ [索取号:K837.127/114] 在馆    
5 2001090070   2001090070   东辅楼二楼书库/ [索取号:K837.127/114] 在馆    
6 2001090071   2001090071   东辅楼二楼书库/ [索取号:K837.127/114] 在馆    
7 2001090072   2001090072   东辅楼二楼书库/ [索取号:K837.127/114] 在馆    
8 2001090073   2001090073   东辅楼二楼书库/ [索取号:K837.127/114] 在馆    
9 2001090074   2001090074   东辅楼二楼书库/ [索取号:K837.127/114] 在馆    
10 2001090075   2001090075   东辅楼二楼书库/ [索取号:K837.127/114] 在馆    
11 2001090076   2001090076   东辅楼二楼书库/ [索取号:K837.127/114] 在馆    
12 2001090077   2001090077   东辅楼二楼书库/ [索取号:K837.127/114] 在馆    
13 2001090078   2001090078   东辅楼二楼书库/ [索取号:K837.127/114] 在馆    
14 2001090079   2001090079   东辅楼二楼书库/ [索取号:K837.127/114] 在馆    
15 2001093237   2001093237   东辅楼二楼书库/ [索取号:K837.127/114] 在馆    
16 2001093238   2001093238   东辅楼二楼书库/ [索取号:K837.127/114] 在馆    
17 2001093239   2001093239   东辅楼二楼书库/ [索取号:K837.127/114] 在馆    
18 2001093240   2001093240   东辅楼二楼书库/ [索取号:K837.127/114] 在馆    
19 2001093241   2001093241   东辅楼二楼书库/ [索取号:K837.127/114] 在馆    
20 2001093242   2001093242   东辅楼二楼书库/ [索取号:K837.127/114] 在馆    
21 2001093243   2001093243   东辅楼二楼书库/ [索取号:K837.127/114] 在馆    
22 2001093244   2001093244   东辅楼二楼书库/ [索取号:K837.127/114] 在馆    
23 2001093245   2001093245   东辅楼二楼书库/ [索取号:K837.127/114] 在馆    
24 2001093246   2001093246   东辅楼二楼书库/ [索取号:K837.127/114] 在馆    
25 2001093247   2001093247   东辅楼二楼书库/ [索取号:K837.127/114] 在馆    
26 2001093248   2001093248   东辅楼二楼书库/ [索取号:K837.127/114] 在馆    
27 2001093249   2001093249   东辅楼二楼书库/ [索取号:K837.127/114] 在馆    
28 2001093250   2001093250   东辅楼二楼书库/ [索取号:K837.127/114] 在馆    
29 2001093251   2001093251   东辅楼二楼书库/ [索取号:K837.127/114] 在馆    
30 2001093252   2001093252   东辅楼二楼书库/ [索取号:K837.127/114] 在馆    
山东省滨州职业学院图书馆 欢迎您!
大连网信软件有限公司© 版权所有